| 000 | 00548nam a2200193 i 4500 | ||
|---|---|---|---|
| 001 | 40496 | ||
| 003 | ES-MaACL | ||
| 005 | 20230906160233.0 | ||
| 007 | t| | ||
| 008 | 030306s1967 sp ||||1| spa d | ||
| 100 | 1 |
_aCardonnel, Jean. _9181861 |
|
| 245 | 1 | 0 |
_aO. P. del buen Dios al Dios vivo / _cJean Cardonnel ; [traductor, J. Bta. Caselles]. |
| 250 | _a1ยช ed. | ||
| 260 |
_aBarcelona : _bAriel, _c[1967] |
||
| 300 |
_a231 p. ; _c19 cm. |
||
| 700 | 1 |
_aCaselles, J. Bta. _936285 |
|
| 852 |
_aES-MaACL _jC-32639 _bR.63441 |
||
| 999 |
_c40496 _d40496 |
||